| 000 | 00431nam a2200181Ia 4500 | ||
|---|---|---|---|
| 003 | GCL | ||
| 008 | 140319s9999 xx 000 0 eng d | ||
| 040 |
_aGCL / _cGCL |
||
| 082 | 0 | 4 |
_a297 _bI S |
| 100 | 1 | _aT . A . ISMAIL | |
| 245 | 1 | 0 |
_aTHE SELF IN THE HOLY QURAN / _cT . A . ISMAIL |
| 260 |
_a[S.N] : _bAL AHRAM |
||
| 300 | _a327 P | ||
| 650 | 0 | 4 | _aRELIGION |
| 650 | 0 | 4 | _aKORAN |
| 650 | 0 | 4 | _aISLAMIC RELIGION |
| 942 |
_2ddc _cBK |
||
| 999 |
_c15642 _d15642 |
||